Представление документа в формате MARC21

Поле Инд. ПП Название Значение
Тип записи a
Библиографический уровень b
001 Контрольный номер RU/IS/BASE/138126930
005 Дата корректировки 20200601191417.9
084 a Индекс другой классификации/Индекс ББК 60.561.22
a Индекс другой классификации/Индекс ББК 71.084.4
a Индекс другой классификации/Индекс ББК 87.75
100 1_ a Автор Зарубина Н. Н.
q Полное имя Зарубина Наталья Николаевна
245 10 a Заглавие Этика служения и этика ответственности в культуре русского предпринимательства
504 a Библиография Библиогр.: с. 105
650 04 a Основная рубрика культурология
a Основная рубрика прикладная этика
a Основная рубрика социология; типология культуры
a Основная рубрика философские науки
a Основная рубрика экономическая социология
a Основная рубрика этика
653 0_ a Ключевые слова историческая социология
a Ключевые слова история предпринимательства
a Ключевые слова культура предпринимательства
a Ключевые слова купечество
a Ключевые слова меценатство
a Ключевые слова общественные отношения
a Ключевые слова общество
a Ключевые слова предпринимательство
a Ключевые слова Россия
a Ключевые слова русская культура
a Ключевые слова социальная ответственность бизнеса
a Ключевые слова социология групп
a Ключевые слова этика ответственности
a Ключевые слова этика предпринимательства
773 18 t Заглавие источника Общественные науки и современность
d Дата издания источника 2004
g Прочая информация № 1. - С. 96 - 105
w Контрольный № источника RU/IS/BASE/129046545
901 t Тип документа b